00889nab a2200253 uc450000100070000000500170000700800410002403500110006503500210007604000130009704100080011010000420011824501080016065000300026865000190029865000310031765000240034865000220037270000400039470000400043477301320047494200100060699900190061664946420241205090926.0010301e19971201 eng  a649464 a(OCoLC)819897886 ccomduadb aeng10aSarmiento R., L. F.4auteaut933897210aThermal and organic matter modeling in the fault bend fold and fault propagation fold structural models aMateria orgánica954986 aModelado96340 aCampos petroliferos941375 aHidrocarburos92775 7aCalor2lemb9139410aPiedrahita, C. C.4auteaut933897310aMontana R., C. A.4auteaut95195880 tCT&F : Ciencia,Tecnología y Futuro (Bucaramanga)gVolumen 01, Número 03, Diciembre 1997, p. 81-94w116836x0122-5383070714 cARIMP c189826d189826